[Event "Yuzhny op"]
[Site "Yuzhny"]
[Date "2010.09.11"]
[Round "8"]
[White "Kraschenko, Alexandr"]
[Black "Golovach, Valery"]
[Result "0-1"]
[WhiteElo "2045"]
[BlackElo "2201"]
[PlyCount "76"]
[EventDate "2010.09.07"]
[EventType "swiss"]
[EventRounds "9"]
[EventCountry "UKR"]
[SourceTitle "CBM 138 Extra"]
[Source "ChessBase"]
[SourceDate "2010.10.29"]
[SourceVersion "1"]
[SourceVersionDate "2010.10.29"]
[SourceQuality "1"]

1. c4 c5 2. Nc3 g6 3. g3 Bg7 4. Bg2 Nc6 5. d3 Nf6 6. e4 d6 7. Nge2 0-0 8. 0-0 Ne8 9. Be3 Nd4 10. Qd2 Nc7 11. Bh6 Nce6 12. Bxg7 Kxg7 13. f4 f5 14. Rae1 Rb8 15. b3 h6 16. Nxd4 Nxd4 17. Ne2 e6 18. Nxd4 cxd4 19. Qb2 Qb6 20. e5 Rd8 21. exd6 Qxd6 22. Re5 b6 23. Rfe1 Kf7 24. Qe2 Bd7 25. g4 Rg8 26. h4 Rg7 27. Kh2 Kg8 28. h5 fxg4 29. Qxg4 gxh5 30. Qxh5 Rf8 31. Qxh6 Rh7 32. Rg5+ Kh8 33. Qxh7+ Kxh7 34. Be4+ Kh6 35. Kg2 Rxf4 36. Rg8 Rh4 37. Rg6+ Kh5 38. Rg3 Bc6 0-1

[Event "Yuzhny op"]
[Site "Yuzhny"]
[Date "2010.09.08"]
[Round "3"]
[White "Golovach, Valery"]
[Black "Andreev, Volodymyr"]
[Result "1-0"]
[WhiteElo "2201"]
[BlackElo "1966"]
[PlyCount "103"]
[EventDate "2010.09.07"]
[EventType "swiss"]
[EventRounds "9"]
[EventCountry "UKR"]
[SourceTitle "CBM 138 Extra"]
[Source "ChessBase"]
[SourceDate "2010.10.29"]
[SourceVersion "1"]
[SourceVersionDate "2010.10.29"]
[SourceQuality "1"]

1. e4 c5 2. Nc3 Nc6 3. f4 e6 4. Nf3 d5 5. Bb5 d4 6. Ne2 Bd7 7. 0-0 a6 8. Bxc6 Bxc6 9. d3 f6 10. Ng3 Qc7 11. Bd2 h5 12. Nh4 0-0-0 13. Ng6 Rh7 14. Nxh5 Qf7 15. f5 exf5 16. exf5 Bd6 17. Qg4 Nh6 18. Bxh6 Rxh6 19. b3 Kb8 20. Rae1 Ka7 21. h3 Re8 22. Nhf4 Re3 23. Rxe3 dxe3 24. Re1 Be5 25. Nxe5 fxe5 26. Ng6 Qf6 27. Rxe3 e4 28. dxe4 Qa1+ 29. Kh2 Qxa2 30. Qe2 Qa5 31. e5 Qc7 32. Kg1 Qf7 33. Qg4 Qd5 34. e6 Qd2 35. Qe2 Qd4 36. c3 Qd5 37. Ne7 Qd8 38. Nxc6+ bxc6 39. e7 Qe8 40. Qd3 Rh8 41. Qd6 Kb6 42. Re5 Kb7 43. Rxc5 Qc8 44. Re5 Re8 45. c4 Qc7 46. c5 Qxd6 47. cxd6 Kc8 48. Kf2 Kd7 49. Re6 c5 50. Ke2 a5 51. Kd2 Rb8 52. Kc3 1-0

[Event "Yuzhny op"]
[Site "Yuzhny"]
[Date "2009.09.12"]
[Round "7"]
[White "Golovach, Valery"]
[Black "Ledakov, Alexandr"]
[Result "1/2-1/2"]
[WhiteElo "2156"]
[BlackElo "2197"]
[PlyCount "26"]
[EventDate "2009.09.08"]
[EventType "swiss"]
[EventRounds "9"]
[EventCountry "UKR"]
[SourceTitle "CBM 132 Extra"]
[Source "ChessBase"]
[SourceDate "2009.11.03"]
[SourceVersion "1"]
[SourceVersionDate "2009.11.03"]
[SourceQuality "1"]

1. c4 c5 2. Nf3 Nc6 3. Nc3 g6 4. e3 Nf6 5. d4 cxd4 6. exd4 d5 7. cxd5 Nxd5 8. Qb3 Nxc3 9. Bc4 e6 10. bxc3 Bg7 11. Ba3 Bd7 12. Bd3 Na5 13. Qc2 Bf8 1/2-1/2

[Event "Yuzhny op"]
[Site "Yuzhny"]
[Date "2009.09.12"]
[Round "8"]
[White "Polivanov, Anatoliy"]
[Black "Golovach, Valery"]
[Result "1-0"]
[WhiteElo "2382"]
[BlackElo "2156"]
[PlyCount "63"]
[EventDate "2009.09.08"]
[EventType "swiss"]
[EventRounds "9"]
[EventCountry "UKR"]
[SourceTitle "CBM 132 Extra"]
[Source "ChessBase"]
[SourceDate "2009.11.03"]
[SourceVersion "1"]
[SourceVersionDate "2009.11.03"]
[SourceQuality "1"]

1. e4 e6 2. d4 d5 3. e5 c5 4. c3 Nc6 5. Nf3 Qb6 6. Bd3 cxd4 7. cxd4 Bd7 8. 0-0 Nxd4 9. Nbd2 Nxf3+ 10. Nxf3 Bc5 11. Ng5 f5 12. Qh5+ g6 13. Qe2 Kf8 14. g4 Re8 15. gxf5 gxf5 16. a3 Re7 17. b4 Bd4 18. Ra2 Rg7 19. Kh1 Qd8 20. Nf3 Bb6 21. a4 Qe8 22. a5 Bd8 23. Be3 a6 24. b5 axb5 25. a6 bxa6 26. Rxa6 Ne7 27. Bh6 Qh5 28. Bxg7+ Kxg7 29. Rg1+ Kf8 30. Ra8 Ke8 31. Bxb5 Nc6 32. Ra6 1-0

[Event "Yuzhny op"]
[Site "Yuzhny"]
[Date "2009.09.11"]
[Round "6"]
[White "Kozak, Leonid"]
[Black "Golovach, Valery"]
[Result "1-0"]
[WhiteElo "2340"]
[BlackElo "2156"]
[PlyCount "53"]
[EventDate "2009.09.08"]
[EventType "swiss"]
[EventRounds "9"]
[EventCountry "UKR"]
[SourceTitle "CBM 132 Extra"]
[Source "ChessBase"]
[SourceDate "2009.11.03"]
[SourceVersion "1"]
[SourceVersionDate "2009.11.03"]
[SourceQuality "1"]

1. d4 d5 2. c4 c6 3. Nf3 Nf6 4. Nc3 dxc4 5. a4 Bg4 6. Ne5 Bh5 7. f3 Nfd7 8. Nxc4 e5 9. e4 Bb4 10. dxe5 0-0 11. Bf4 Qe7 12. Qc2 Nb6 13. Nd6 N8d7 14. a5 Nc8 15. Nf5 Qe8 16. Ra4 c5 17. Bb5 a6 18. Bxd7 Qxd7 19. 0-0 Bxc3 20. bxc3 Rd8 21. Raa1 Ne7 22. Rfd1 Qe6 23. Rxd8+ Rxd8 24. Bg5 f6 25. Nxg7 Qxe5 26. f4 Qd6 27. e5 1-0

[Event "Yuzhny op"]
[Site "Yuzhny"]
[Date "2009.09.10"]
[Round "4"]
[White "Romcovici, Victor"]
[Black "Golovach, Valery"]
[Result "0-1"]
[WhiteElo "2241"]
[BlackElo "2156"]
[PlyCount "66"]
[EventDate "2009.09.08"]
[EventType "swiss"]
[EventRounds "9"]
[EventCountry "UKR"]
[SourceTitle "CBM 132 Extra"]
[Source "ChessBase"]
[SourceDate "2009.11.03"]
[SourceVersion "1"]
[SourceVersionDate "2009.11.03"]
[SourceQuality "1"]

1. e4 e6 2. Qe2 e5 3. Nf3 Nc6 4. c3 Nf6 5. g3 Be7 6. Bg2 0-0 7. 0-0 Re8 8. h3 Bf8 9. d3 d5 10. Rd1 a5 11. a4 Bc5 12. Nbd2 dxe4 13. dxe4 Qe7 14. Nf1 b6 15. Qc2 Ba6 16. Ne3 Rad8 17. Bf1 Rxd1 18. Nxd1 Bxf1 19. Kxf1 Qe6 20. Kg2 Qc4 21. Ng5 Nd4 22. Qb1 Nb3 23. Qa2 Nxe4 24. Nf3 Bxf2 25. Nxf2 Qe2 26. Be3 Nxa1 27. Qxa1 Qxe3 28. Nxe4 Qxe4 29. Qd1 h6 30. Kf2 Re6 31. Qd8+ Kh7 32. Nd2 Qf5+ 33. Ke1 e4 0-1

[Event "Kurass Memorial op 07th"]
[Site "Kiev"]
[Date "2006.06.19"]
[Round "3"]
[White "Golovach, Valery"]
[Black "Berezin, Viktor"]
[Result "1-0"]
[WhiteElo "2222"]
[BlackElo "2239"]
[PlyCount "136"]
[EventDate "2006.06.17"]
[EventType "swiss"]
[EventRounds "9"]
[EventCountry "UKR"]
[SourceTitle "EXT 2008"]
[Source "ChessBase"]
[SourceDate "2007.11.25"]
[SourceVersion "1"]
[SourceVersionDate "2007.11.25"]
[SourceQuality "1"]

1. d4 g6 2. c4 Bg7 3. Nc3 Nf6 4. e4 0-0 5. Nf3 d6 6. Be2 e5 7. d5 a5 8. Bg5 Na6 9. Nd2 h6 10. Bh4 Qe8 11. 0-0 Nh7 12. a3 f5 13. f3 Bd7 14. Qc2 h5 15. Rab1 Bh6 16. b4 Be3+ 17. Bf2 Bxf2+ 18. Rxf2 Nf6 19. Nd1 Qe7 20. c5 axb4 21. axb4 dxc5 22. Bxa6 Rxa6 23. Qxc5 Qd8 24. b5 Ra4 25. Qc2 Ra8 26. Nc3 Qe7 27. Qb3 Qc5 28. Qc4 Qd6 29. Qb4 Ra3 30. Nd1 fxe4 31. Qxd6 cxd6 32. fxe4 Rd3 33. Nb2 Rd4 34. Nbc4 Ne8 35. Re2 Bg4 36. Re3 Nf6 37. h3 Bd7 38. Rb2 Rc8 39. Nxd6 Rc1+ 40. Kf2 h4 41. Nf3 Rdd1 42. Re1 Rxe1 43. Nxe1 Kf8 44. Nd3 Rc3 45. Nxe5 Ke7 46. Nec4 Nxe4+ 47. Nxe4 Rxc4 48. Ke3 Bf5 49. Nd2 Ra4 50. Nf3 Kd6 51. Nd4 Bd7 52. Ne2 Ra3+ 53. Ke4 Ra4+ 54. Ke3 Ke5 55. Rb3 Re4+ 56. Kf3 g5 57. Nc3 Rc4 58. Ke3 g4 59. hxg4 Bxg4 60. b6 Bd7 61. Kd3 Rg4 62. Rb2 Rg3+ 63. Kc4 Rg4+ 64. Kd3 Rg6 65. Re2+ Kf6 66. Ne4+ Ke7 67. Nc5+ Kf6 68. Nxb7 Bg4 1-0

[Event "Kurass Memorial op 07th"]
[Site "Kiev"]
[Date "2006.06.18"]
[Round "2"]
[White "Mazurkov, Anatolij"]
[Black "Golovach, Valery"]
[Result "0-1"]
[WhiteElo "2053"]
[BlackElo "2222"]
[PlyCount "115"]
[EventDate "2006.06.17"]
[EventType "swiss"]
[EventRounds "9"]
[EventCountry "UKR"]
[SourceTitle "EXT 2008"]
[Source "ChessBase"]
[SourceDate "2007.11.25"]
[SourceVersion "1"]
[SourceVersionDate "2007.11.25"]
[SourceQuality "1"]

1. d4 c5 2. c3 Nf6 3. Nf3 e6 4. g3 Nc6 5. Bg2 d5 6. 0-0 Be7 7. Bg5 Qb6 8. b3 h6 9. dxc5 Qxc5 10. Be3 Qd6 11. h3 0-0 12. b4 Qc7 13. Nbd2 Bd7 14. a3 Rfc8 15. Qb3 a5 16. Rfc1 a4 17. Qb2 e5 18. Ne1 Bd6 19. Nf1 Ne7 20. Nd3 Bb5 21. Bc5 Bxc5 22. bxc5 Bxd3 23. exd3 Qxc5 24. d4 exd4 25. cxd4 Qa7 26. Ne3 Rc6 27. Rab1 Rd8 28. Qb4 Rxc1+ 29. Rxc1 Nc6 30. Qc5 Qxc5 31. dxc5 g6 32. Rd1 Ne7 33. Nc4 Rc8 34. Nb6 Rxc5 35. Nxa4 Ra5 36. Nb6 Rxa3 37. Nxd5 Nexd5 38. Bxd5 Nxd5 39. Rxd5 Kg7 40. Rb5 Ra7 41. Rb6 Kf8 42. f4 Ke7 43. Kf2 Kd8 44. f5 gxf5 45. Rxh6 Ra6 46. Rh8+ Ke7 47. Rb8 Rb6 48. Kf3 Kf6 49. h4 Rb3+ 50. Kf4 Kg6 51. Rg8+ Kf6 52. Rb8 b5 53. Rb6+ Kg7 54. Rb7 Kg6 55. Rb6+ Kg7 56. Rb8 Rb1 57. Rb6 b4 58. h5 0-1

[Event "UKR-ch"]
[Site "Simferopol"]
[Date "2003.11.11"]
[Round "8"]
[White "Golovach, Valery"]
[Black "Mjasoedov, Gleb"]
[Result "1-0"]
[WhiteElo "2217"]
[BlackElo "2176"]
[PlyCount "47"]
[EventDate "2003.11.04"]
[EventType "swiss"]
[EventRounds "9"]
[EventCountry "UKR"]
[SourceTitle "CBM 097 Extra"]
[Source "ChessBase"]
[SourceDate "2004.01.13"]
[SourceVersion "1"]
[SourceVersionDate "2004.01.13"]
[SourceQuality "1"]

1. d4 Nf6 2. c4 e6 3. g3 Be7 4. Bg2 0-0 5. Nf3 d5 6. 0-0 b6 7. Nc3 Bb7 8. Ne5 Nbd7 9. Qa4 Nxe5 10. dxe5 Ne4 11. Rd1 Nxc3 12. bxc3 c6 13. cxd5 cxd5 14. c4 Qc7 15. cxd5 exd5 16. Bf4 g5 17. Rac1 Qb8 18. Qd7 Ba3 19. Bxg5 Bxc1 20. Rxc1 Bc8 21. Qxd5 Be6 22. Qe4 Qe8 23. Bf6 h6 24. Qf4 1-0